00824nam a22002177a 4500008004100000020002800041020001800069040001800087041000800105100004500113245013200158260004000290300005000330490005200380500003800432504002800470650003300498650002400531650003000555650002100585130821s2008 ck a gr spa  a9586694518ccolección a9789586695947 aCo-BoUCMbspa00aspa1 aHamburger Fernández, Álvaro Ándres14aLos valores corporativos en la empresa cómo suscitarlos, difundirlos y vivenciarloscÁlvaro Ándres Hamburger Fernández aBogotá (Colombia)bPaulinasc2008 a365 páginasbilustraciones, cuadros, tablas 0aÉtica de la empresa y valores corporativosv3 aDonación Dr. Guillermo Galán. aIncluye bibliografía.04aAdministración de empresas04aCultura corporativa04aMotivación del empleado04aValores sociales